00423nam a2200121Ia 4500003000400000005001700004008004100021040001800062041000800080100004000088245013700128260003600265OSt20260401100642.0211028s2012 xx 000 0 und d cAIMIT LIBRARY aeng aDrithay N; Achar, Sumitha.g1016014 aA study to analyse the relaunch of the cardamom restaurant as an authentic mangalorean cuisine restaurant at taj gateway Mangalore / aMangalorebAchar, Sumithac2012